| 000 -LEADER |
| fixed length control field |
02693cam a2200313 i 4500 |
| 003 - CONTROL NUMBER IDENTIFIER |
| control field |
OSt |
| 005 - DATE AND TIME OF LATEST TRANSACTION |
| control field |
20260217133044.0 |
| 006 - FIXED-LENGTH DATA ELEMENTS--ADDITIONAL MATERIAL CHARACTERISTICS--GENERAL INFORMATION |
| fixed length control field |
m |o d | |
| 008 - FIXED-LENGTH DATA ELEMENTS--GENERAL INFORMATION |
| fixed length control field |
230110s2023 enk ob 001 0 eng |
| 020 ## - INTERNATIONAL STANDARD BOOK NUMBER |
| Cancelled/invalid ISBN |
9781350248144 |
| Qualifying information |
(paperback) |
| 043 ## - GEOGRAPHIC AREA CODE |
| Geographic area code |
a-sy--- |
| 082 00 - DEWEY DECIMAL CLASSIFICATION NUMBER |
| Classification number |
728.095691 |
| Edition number |
23/eng/20230217 |
| 100 1# - MAIN ENTRY--PERSONAL NAME |
| Personal name |
Azzouz, Ammar, |
| Relator term |
author. |
| 245 10 - TITLE STATEMENT |
| Title |
Domicide : |
| Remainder of title |
architecture, war and the destruction of home in Syria / |
| Statement of responsibility, etc |
Ammar Azzouz. |
| 300 ## - PHYSICAL DESCRIPTION |
| Extent |
1 online resource |
| 504 ## - BIBLIOGRAPHY, ETC. NOTE |
| Bibliography, etc |
Includes bibliographical references and index. |
| 505 0# - FORMATTED CONTENTS NOTE |
| Formatted contents note |
Domicide : Slow violence, division and destruction -- War on home : In search of a place to call home -- Domicide and representation -- Domicidal reconstruction -- Domicide in war and peace. |
| 520 ## - SUMMARY, ETC. |
| Summary, etc |
"The city of Homs, like so many places in Syria, has suffered mass destruction since the war began in 2011. So far, the architectural response to the crisis has focused on 'cultural heritage', ancient architecture, and the external displacement of refugees, often neglecting the everyday lives of Syrians and the buildings that make up their homes and communities. In Domicide, Ammar Azzouz uses the notion of the 'home' to address the destruction in cities like Homs, the displacement of Syrian people both externally and internally, and to explore how cities can be rebuilt without causing further damage to the communities that live there. Drawing on interviews with those working in the built environment professions, both inside and outside of Syria, but also Syrians from other backgrounds who have become 'architects' in their own way as they were forced to repair and rebuild their homes by themselves, Domicide offers fresh insight into the role of the architect during time of war, and explores how the future reconstruction of cities should mirror the wants and needs, the traditions and ways of living, of local communities. Focusing on Homs but offering a blueprint for other urban areas of conflict across Syria and the wider world, the book is essential reading for researchers in architecture, urban planning, heritage studies and conflict studies"-- |
| 650 #0 - SUBJECT ADDED ENTRY--TOPICAL TERM |
| Topical term or geographic name as entry element |
Architecture and war |
| Geographic subdivision |
Syria |
| -- |
Homs. |
| 650 #0 - SUBJECT ADDED ENTRY--TOPICAL TERM |
| Topical term or geographic name as entry element |
Architecture, Domestic |
| Geographic subdivision |
Syria |
| -- |
Homs. |
| 650 #0 - SUBJECT ADDED ENTRY--TOPICAL TERM |
| Topical term or geographic name as entry element |
Dwellings |
| Geographic subdivision |
Syria |
| -- |
Homs. |
| 650 #0 - SUBJECT ADDED ENTRY--TOPICAL TERM |
| Topical term or geographic name as entry element |
Buildings |
| General subdivision |
War damage |
| Geographic subdivision |
Syria |
| -- |
Homs. |
| 650 #0 - SUBJECT ADDED ENTRY--TOPICAL TERM |
| Topical term or geographic name as entry element |
Home |
| Geographic subdivision |
Syria |
| -- |
Homs. |
| 650 #0 - SUBJECT ADDED ENTRY--TOPICAL TERM |
| Topical term or geographic name as entry element |
War and society |
| Geographic subdivision |
Syria |
| -- |
Homs. |
| 650 #0 - SUBJECT ADDED ENTRY--TOPICAL TERM |
| Topical term or geographic name as entry element |
Internally displaced persons |
| Geographic subdivision |
Syria |
| -- |
Homs. |
| 651 #0 - SUBJECT ADDED ENTRY--GEOGRAPHIC NAME |
| Geographic name |
Syria |
| General subdivision |
History |
| Chronological subdivision |
Civil War, 2011- |
| General subdivision |
Destruction and pillage. |
| 776 08 - ADDITIONAL PHYSICAL FORM ENTRY |
| Display text |
Print version: |
| Main entry heading |
Azzouz, Ammar. |
| Title |
Domicide |
| Place, publisher, and date of publication |
London ; New York : Bloomsbury Visual Arts, 2023 |
| International Standard Book Number |
9781350248106 |
| Record control number |
(DLC) 2023000349 |
| 942 ## - ADDED ENTRY ELEMENTS (KOHA) |
| Source of classification or shelving scheme |
|